000 00549nam a2200241Ia 4500
003 OSt
005 20220924150020.0
006 a|||||r|||| 00| 0
007 ta
008 220923b |||||||| |||| 00| 0 tel d
020 _c20.00
024 _a331366
037 _cTextual
040 _aARTS
_cARTS
_btel
041 _2tel
_atel
082 _aO35:g, N6
100 _aRao
245 0 _aAruna kamalam
260 _c1996
650 _aTELUGU LITERATURE
942 _hO35:g, N6
_cTEXL
_2CC
999 _c461959
_d461959